Central Library OPAC University of Rajshahi
Normal view MARC view

Entry Personal Name

Number of records used in: 2

001 - CONTROL NUMBER

  • control field: 11883

003 - CONTROL NUMBER IDENTIFIER

  • control field: BD-RjUL

005 - DATE AND TIME OF LATEST TRANSACTION

  • control field: 20240224175757.0

008 - FIXED-LENGTH DATA ELEMENTS

  • fixed length control field: 240224|| aca||aabn | a|a d

040 ## - CATALOGING SOURCE

  • Original cataloging agency: BD-RjUL
  • Transcribing agency: BD-RjUL

100 ## - HEADING--PERSONAL NAME

  • Personal name: Majumder, Muhammed. Nasir Ahmmed

670 ## - SOURCE DATA FOUND

  • Source citation: Work cat.: (BD-RjUL)83141: Majumder, Muhammed. Nasir Ahmmed, Rural non-farm activities and household well-being in Bangladesh /, 2018